La llaga de Sánchez de Talavera (Record no. 102272)

MARC details
000 -LEADER
campo de control de longitud fija 00519nam a2200169 i 4500
001 - NÚMERO DE CONTROL
campo de control 102272
003 - IDENTIFICADOR DE NÚMERO DE CONTROL
campo de control ES-MaACL
005 - FECHA Y HORA DE LA ÚLTIMA TRANSACCIÓN
campo de control 20230906183055.0
007 - CAMPO FIJO DE DESCRIPCIÓN FÍSICA--INFORMACIÓN GENERAL
campo de control de longitud fija t|
008 - DATOS DE LONGITUD FIJA--INFORMACIÓN GENERAL
campo de control de longitud fija 051107s1971 sp ||||1| spa d
100 1# - ENTRADA PRINCIPAL--NOMBRE DE PERSONA
Nombre de persona Mendoza Negrillo, Juan de Dios.
9 (RLIN) 80265
245 13 - MENCIÓN DEL TÍTULO
Título La llaga de Sánchez de Talavera
Resto del título : Tesis Doctoral /
Mención de responsabilidad, etc. Juan de Dios Mendoza, S. J.
260 ## - PUBLICACIÓN, DISTRIBUCIÓN, ETC.
Lugar de publicación, distribución, etc. Madrid :
Nombre del editor, distribuidor, etc. [s.n.],
Fecha de publicación, distribución, etc. 1971 (
Fabricante Gráf. Condor)
300 ## - DESCRIPCIÓN FÍSICA
Extensión 55 p. ;
Dimensiones 19 cm.
502 ## - NOTA DE TESIS
Nota de tesis Tesis Doctoral.
852 ## - LOCALIZACIÓN
Ubicación ES-MaACL
Número de control de estantería 2080-F-5
Sublocalización o colección R.78435
Holdings
Estatus retirado Estado de pérdida Estado de daño No para préstamo Colección Biblioteca de origen Biblioteca actual Ubicación en estantería Fecha de adquisición Fuente de adquisición Total de préstamos Signatura topográfica completa Código de barras Visto por última vez Precio de reemplazo Tipo de ítem Koha
        Colección de folletos Biblioteca del Ateneo de Madrid Biblioteca del Ateneo de Madrid Depósito folletos 17/01/2008     2080-F-5 1106758 23/02/2023 23/02/2023 Folleto